Statistics for Country Neighbour Connect: Longest Border, starting with World's Longest Border

Click here to take the quiz!

General Stats

  • This quiz has been taken 330 times
    (218 since last reset)
  • The average score is 113 of 154

Answer Stats

COUNTRY% Correct
United States
100%
Canada
99%
Mexico
97%
Guatemala
95%
Belize
94%
Brazil
94%
Colombia
94%
Costa Rica
94%
Honduras
94%
Nicaragua
94%
Panama
94%
Venezuela
94%
Bolivia
93%
Peru
93%
Argentina
92%
Chile
92%
Ecuador
92%
Paraguay
90%
Uruguay
90%
Andorra
89%
France
89%
Guyana
89%
Portugal
89%
Spain
89%
Suriname
89%
Algeria
86%
Mali
86%
Morocco
86%
Mauritania
85%
Senegal
85%
Gambia
84%
Guinea-Bissau
84%
Angola
83%
Benin
83%
Botswana
83%
Cameroon
83%
Chad
83%
Democratic Republic of the Congo
83%
Ethiopia
83%
Ghana
83%
Guinea
83%
Ivory Coast
83%
Kenya
83%
Lesotho
83%
Liberia
83%
Malawi
83%
Mozambique
83%
Namibia
83%
Nigeria
83%
Sierra Leone
83%
Somalia
83%
South Africa
83%
South Sudan
83%
Sudan
83%
Togo
83%
Uganda
83%
Zambia
83%
Zimbabwe
83%
Tanzania
82%
Burundi
81%
Rwanda
81%
Eswatini
79%
Central African Republic
78%
Equatorial Guinea
78%
Gabon
78%
Republic of the Congo
77%
Djibouti
76%
Eritrea
75%
Libya
74%
Egypt
73%
Tunisia
73%
Bangladesh
69%
Burkina Faso
69%
Cambodia
69%
China
69%
India
69%
Iran
69%
Iraq
69%
Kazakhstan
69%
Laos
69%
Mongolia
69%
Myanmar
69%
Russia
69%
Thailand
69%
Vietnam
69%
Jordan
68%
Niger
68%
Oman
68%
Saudi Arabia
68%
Turkmenistan
68%
United Arab Emirates
68%
Uzbekistan
68%
Yemen
68%
Indonesia
67%
Israel
67%
Malaysia
67%
Afghanistan
66%
Albania
66%
Austria
66%
Bosnia and Herzegovina
66%
Brunei
66%
Bulgaria
66%
Croatia
66%
East Timor
66%
Germany
66%
Greece
66%
Moldova
66%
Montenegro
66%
North Korea
66%
Pakistan
66%
Papua New Guinea
66%
Romania
66%
Slovenia
66%
South Korea
66%
Ukraine
66%
Czech Republic
65%
Hungary
65%
Kosovo
65%
Kyrgyzstan
65%
Poland
65%
Serbia
65%
Slovakia
65%
Tajikistan
65%
Bhutan
64%
Italy
64%
Nepal
64%
San Marino
64%
Switzerland
64%
Vatican City
64%
Belgium
63%
Liechtenstein
63%
Luxembourg
63%
North Macedonia
63%
Estonia
62%
Latvia
62%
Lithuania
62%
Netherlands
62%
Belarus
60%
Denmark
59%
Armenia
57%
Azerbaijan
57%
Georgia
57%
Lebanon
57%
Syria
56%
Finland
55%
Norway
55%
Turkey
55%
Sweden
54%
Qatar
48%
El Salvador
47%
Kuwait
47%
Monaco
46%
Ireland
43%
United Kingdom
43%

Score Distribution

Percentile by Number Answered

Percent of People with Each Score

Your Score History

You have not taken this quiz since the last reset